000 00171nam a2200085 4500
001 1231364
005 20250918104858.0
245 _aNEYMAR JR
_cAYDOĞAN YAVAŞLI
260 _b.
999 _c1231364
_d1231364